000 00234 a2200085 4500
020 _a9780500285336
100 _a Assorted
245 _aArchitecture and Polyphony:: Building In The Islamic World Today
260 _bThames & Hudson Ltd
_c2004
999 _c13467
_d13467